00258nam a2200073Ia 4500008004100000082001600041245006200057300006500119230907s9999||||xx |||||||||||||| ||und|| a577.14bADV 0aAdvanced Environmental Analysis (RSC detection science) : a2 vol. set; xxv, 534 (vol.1) pages ; xxv, 430 (vol.2) pages.